| 000 | 00690nam a22001937a 4500 | ||
|---|---|---|---|
| 005 | 20240419162755.0 | ||
| 008 | 221212b ||||| |||| 00| 0 eng d | ||
| 040 | _cAL | ||
| 041 | _aHindi | ||
| 082 |
_223 _aH891.4 _bPATA |
||
| 100 |
_aLakshmi Shankar Das Patel _9161609 |
||
| 100 |
_965624 _d लक्ष्मी शंकर दास पटेल |
||
| 245 |
_aAdhyatmika Amrit Kalash _b अध्यात्मिक अमृत कलश |
||
| 260 | _c2003 | ||
| 300 |
_a128 p. _bPB _c20.5x13.7 cm. |
||
| 650 |
_aHindi Prose _965625 |
||
| 700 |
_aPatel (Lakshmi Shankar Das) पटेल ( लक्ष्मी शंकर दास) _965626 |
||
| 942 |
_2ddc _cGF |
||
| 999 |
_c225624 _d225624 |
||